000 01460cam a2200361 a 4500
001 EDZ0000071558
003 StDuBDS
005 20161031105143.0
006 m||||||||d||||||||
007 cr |||||||||||
008 120405s2005 enk fo| 001|0|eng d
020 _a9781446211434 (ebook) :
_cNo price
040 _aStDuBDS
_beng
_cStDuBDS
_epn
049 _aAlfaisal Main Library
050 0 _aLB2806
_b.F514 2005
082 0 4 _a371.2
_223
100 1 _aFink, Dean,
_d1936-
245 1 0 _aLeadership for mortals
_h[electronic resource] :
_bdeveloping and sustaining leaders of learning /
_cDean Fink.
260 _aLondon :
_bPaul Chapman,
_c2005.
300 _a1 online resource (xxii, 170 p.).
490 1 _aLeading teachers, leading schools
504 _aIncludes bibliographical references and index.
520 8 _aDean Fink addresses contemporary issues and what they mean for school leadership, focusing on the role of school leaders as the leaders of learning and offering a critique of the fads of the leadership industry.
521 _aSpecialized.
588 _aDescription based on print version record.
650 0 _aEducational leadership.
655 7 _aElectronic books.
_2local
710 2 _aSage eBooks
776 0 8 _iPrint version :
_z9781412900546
830 0 _aLeading teachers, leading schools.
856 4 0 _uhttp://ezproxy.alfaisal.edu/login?url=http://sk.sagepub.com/books/leadership-for-mortals
942 _2lcc
_cEBOOKS
999 _c480464
_d480464